| 000 | 00636cam a2200253ua 4500 | ||
|---|---|---|---|
| 020 | _a0-582-46342-4 | ||
| 041 |
_aeng _h |
||
| 082 |
_a633.83 _bPUR/SP |
||
| 100 | _aPurseglove, J W. | ||
| 245 |
_aSpices, Vol 2 / _cJ W Purseglove. _hTextual Documents |
||
| 250 |
_a2 / _b. |
||
| 260 |
_aLondon : _bLongman , _c1988. |
||
| 300 | _a813 ; . | ||
| 440 | 0 |
_aTropical agriculure series, _v _x; |
|
| 490 | 0 |
_aTropical agriculure series, _v _x; |
|
| 500 | _a** Reference | ||
| 504 | _a | ||
| 700 | 1 | _aBrown, E G. | |
| 700 | 1 | _aGreen, C L. | |
| 700 | 1 | _aRobbins, S R J. | |
| 942 | _cBK | ||
| 999 |
_c355 _d355 |
||